| 000 | 00676cam a2200241 4500500 | ||
|---|---|---|---|
| 005 | 20260329004035.0 | ||
| 041 | _afre | ||
| 042 | _adc | ||
| 100 | 1 | 0 |
_aLacroix, Alexandre _eauthor |
| 245 | 0 | 0 | _aLa destruction de la raison |
| 260 | _c2018. | ||
| 500 | _a49 | ||
| 690 | _aHumain | ||
| 690 | _aIntelligence Artificielle | ||
| 690 | _aParasite | ||
| 690 | _aRaison | ||
| 690 | _aRuse | ||
| 690 | _aVandalisme | ||
| 690 | _avéhicule autonome | ||
| 690 | _aVoiture | ||
| 786 | 0 | _nPhilosophie magazine | 118 | 4 | 2018-04-01 | p. 1-1 | 1951-1787 | |
| 856 | 4 | 1 | _uhttps://shs.cairn.info/magazine-philosophie-magazine-2018-4-page-1?lang=fr&redirect-ssocas=7080 |
| 999 |
_c1830030 _d1830030 |
||